000 00595nam a22001817a 4500
005 20251108164125.0
008 250721s1992 xx 000 0 ara d
082 1 4 _a341.1/رشي
100 1 _aأبو غيدا، رشيد أحمد
_eمترجم
245 1 0 _aالمحادثات المتعددة الأطراف :
_bوسائل التعاون الإقليمي في الشرق الأوسط /
264 1 _aعمان :
_bدار البشير،
_c1992.
300 _a120ص
650 1 7 _aالسلام
650 1 7 _aالتسلح
650 1 7 _aنزع الأسلحة
942 _2ddc
_cBK
999 _c4212
_d4212